Curriculum revolutions : (Record no. 172601)

MARC details
000 -LEADER
fixed length control field 00837nam a22002418i 4500
001 - CONTROL NUMBER
control field 020766611
003 - CONTROL NUMBER IDENTIFIER
control field OSt
005 - DATE AND TIME OF LATEST TRANSACTION
control field 20260130103242.0
008 - FIXED-LENGTH DATA ELEMENTS--GENERAL INFORMATION
fixed length control field 221003s2022 enk 000|0|eng|d
020 ## - INTERNATIONAL STANDARD BOOK NUMBER
International Standard Book Number 9781913622985 (Paperback)
Terms of availability USD 24.00
040 ## - CATALOGING SOURCE
Original cataloging agency StDuBDS
Language of cataloging eng
Transcribing agency StDuBDS
Description conventions rda
Modifying agency NUST
050 ## - LIBRARY OF CONGRESS CALL NUMBER
Classification number LB2806.15 ROB
100 1# - MAIN ENTRY--PERSONAL NAME
Personal name Robinson, Martin
Relator term Author
245 10 - TITLE STATEMENT
Title Curriculum revolutions :
Remainder of title a practical guide to enhancing what you teach /
Statement of responsibility, etc. Martin Robinson.
260 ## - PUBLICATION, DISTRIBUTION, ETC.
Place of publication, distribution, etc. Melton, Woodbridge :
Name of publisher, distributor, etc. John Catt Educational Limited,
Date of publication, distribution, etc. ©2022.
300 ## - PHYSICAL DESCRIPTION
Extent 115 pages :
Other physical details Illustrations ;
Dimensions 21 cm.
336 ## - CONTENT TYPE
Content type term text
Source rdacontent
Content type code txt
337 ## - MEDIA TYPE
Media type term unmediated
Source rdamedia
Media type code n
338 ## - CARRIER TYPE
Carrier type term volume
Source rdacarrier
Carrier type code nc
504 ## - BIBLIOGRAPHY, ETC. NOTE
Bibliography, etc. note [ ]
650 #0 - SUBJECT ADDED ENTRY--TOPICAL TERM
Topical term or geographic name entry element Curriculum planning.
942 ## - ADDED ENTRY ELEMENTS (KOHA)
Source of classification or shelving scheme Library of Congress Classification
Koha item type Ordinary Loan Books
Classification part LB2806.15 ROB
Call number prefix LB
Call number suffix ROB
Suppress in OPAC No
Holdings
Withdrawn status Lost status Source of classification or shelving scheme Damaged status Not for loan Collection Home library Current library Shelving location Date acquired Source of acquisition Cost, normal purchase price Total Checkouts Full call number Barcode Date last seen Accession number Cost, replacement price Price effective from Koha item type Public note
    LCC     NFIC MAIN MAIN GEN 01/30/2026 Book Aid International 24.00   LB2806.15 ROB 92004057531 01/30/2026 63389 24.00 01/30/2026 BOOKS Donation
    LCC     NFIC MAIN MAIN GEN 01/30/2026 Book Aid International 24.00   LB2806.15 ROB 92004057753 01/30/2026 63388 24.00 01/30/2026 BOOKS Donation
    LCC     NFIC MAIN MAIN GEN 01/30/2026 Book Aid International 24.00   LB2806.15 ROB 92004057785 01/30/2026 63387 24.00 01/30/2026 BOOKS Donation